000 00364nam a2200145Ia 4500
008 240624s9999 xx 000 0 und d
041 _aeng
082 _a302.35 PUT
100 _aPUTNAM LINDA L
245 _aSAGE HANDBOOK OF ORGANIZATIONAL COMMUNIC
250 _a(3rd ed.)
260 _c2014
_aNew Delhi
_bSage
300 _aix, 837 p.; 23 cm.
365 _c
_b38
999 _c31246
_d31246